LEADER 00627nam a2200169 i 4500 001 000000045960 003 CaOOAMICUS 005 20120625000000.0 008 120625s1842 xx u000 u fre u 013 $a17130 040 $aSeMil$bita 245 10$aTome 1. 300 $aVIII, 535 p. 773 0 $aBalmes, Jaime $tProtestantisme comparé au catholicisme dans ses rapports avec la civilisation européenne.$dParis : Debécourt, 1842-1844.$g1$w()26950 850 $aSeMil 852 $aSeMil$W1$xVenegono$y1$m2A III 56 FA$j12115$B12115$CSeMilBibl$Z2$F12115 $8I 996 $6245$aTome 1$9(OLS)http://semarc/title/1447 LEADER 00627nab a2200145 i 4500 001 000000309283 003 CaOOAMICUS 005 20180831172951.0 008 180831n xx uu u0 0und r 013 $a18376 040 $aSeMil$bita 100 1 $aMiotti, Giovanni Andrea.$0(OLS)http://semarc/name/14974 245 10$aDel romanzo e della diversa scuola de? romanzieri che si dimostrano pressochè tutte esiziali alla sana morale. 773 0 $t[Gennaio-Giugno].$g163-172$w()273827 996 $6245$aDel romanzo e della diversa scuola de? romanzieri che si dimostrano pressochè tutte esiziali alla sana morale$9(OLS)http://semarc/title/384357